书目信息 |
| 题名: |
战场的猛将
|
|
| 作者: | 刘华 编著 | |
| 分册: | ||
| 出版信息: | 广州 广州出版社 1997 |
|
| 页数: | 121页 | |
| 开本: | 19cm | |
| 丛书名: | 百科世界丛书 | |
| 单 册: | ||
| 中图分类: | K815.2 | |
| 科图分类: | 26.11 | |
| 主题词: | 军事家--生平事迹--世界--青年读物 | |
| 电子资源: | ||
| ISBN: | 7-80592-708-1 | |
| 000 | 00732nam2 2200277 450 | |
| 001 | 073000001923 | |
| 005 | 20091029152732.43 | |
| 009 | 0198055263 | |
| 010 | @a7-80592-708-1@dCNY8.15 | |
| 100 | @a20040224d am y0chiy0121 ea | |
| 101 | 0 | @achi |
| 102 | @aCN@b440000 | |
| 105 | @ay z 000yd | |
| 200 | 10 | @a战场的猛将@Azhan chang de meng jiang@f刘华编著 |
| 210 | @a广州@c广州出版社@d1997 | |
| 215 | @a121页@d19cm | |
| 225 | 2 | @a百科世界丛书 |
| 300 | 2 | @a@h第四辑@v72 |
| 410 | 0 | @120010@a百科世界丛书 |
| 606 | @a军事家@x生平事迹@y世界@x青年读物 | |
| 690 | @aK815.2@v3 | |
| 692 | @a26.11@v2 | |
| 701 | 0 | @a刘华@Aliu hua@4编著 |
| 801 | 2 | @aCN@bHX@c20091029 |
| 905 | @aBZT@dK815.2@e12 | |
| 906 | @dCNY92(全辑)@n0@r1 | |
| 战场的猛将/刘华编著.-广州:广州出版社,1997 |
| 121页;19cm.-(百科世界丛书) |
| ISBN 7-80592-708-1:CNY8.15 |
| ● |
| 相关链接 |
|
|
|
正题名:战场的猛将
索取号:K815.2/12
 
预约/预借
| 序号 | 登录号 | 条形码 | 馆藏地/架位号 | 状态 | 备注 |
| 1 | 420804 | 210494918 | 中心书库南/019架A面3层5列/ [索取号:K815.2/12] | 在馆 | |
| 2 | 420805 | 210494909 | 中心书库南/019架A面3层5列/ [索取号:K815.2/12] | 在馆 | |
| 3 | 420806 | 210494892 | 中心书库南/019架A面3层5列/ [索取号:K815.2/12] | 在馆 | |
| 4 | 420807 | 210494883 | 中心书库南/019架A面3层5列/ [索取号:K815.2/12] | 在馆 | |
| 5 | 420808 | 210494874 | 中心书库南/019架A面3层5列/ [索取号:K815.2/12] | 在馆 | |
| 6 | 420809 | 210494865 | 中心书库南/019架A面3层5列/ [索取号:K815.2/12] | 在馆 | |
| 7 | 420810 | 210494856 | 中心书库南/019架A面3层5列/ [索取号:K815.2/12] | 在馆 | |
| 8 | 420811 | 210494847 | 中心书库南/019架A面3层5列/ [索取号:K815.2/12] | 在馆 | |
| 9 | 420812 | 210494838 | 中心书库南/019架A面3层5列/ [索取号:K815.2/12] | 在馆 | |
| 10 | 420813 | 210494810 | 中心书库南/019架A面3层5列/ [索取号:K815.2/12] | 在馆 |